TEXT BOOK OF PHARMACY PRACTICE FOR B. PHARM [ 7TH SEMESTER] (Record no. 8998)

MARC details
000 -LEADER
fixed length control field 00580nam a22001817a 4500
005 - DATE AND TIME OF LATEST TRANSACTION
control field 20251128114010.0
008 - FIXED-LENGTH DATA ELEMENTS--GENERAL INFORMATION
fixed length control field 251125b |||||||| |||| 00| 0 eng d
020 ## - INTERNATIONAL STANDARD BOOK NUMBER
ISBN 978-81-19613-10-6
041 ## - LANGUAGE CODE
Language code of text/sound track or separate title eng
082 ## - DEWEY DECIMAL CLASSIFICATION NUMBER
Classification number 615.5 KHA-T
100 ## - MAIN ENTRY--AUTHOR NAME
Personal name KHAN, SHAHRUKH 2- KUMAR, DR, NISHANT KUMAR 3- SHUKLA, DR, ANKIT 4- RANDHAWA, AMANDEEP SINGH
245 ## - TITLE STATEMENT
Title TEXT BOOK OF PHARMACY PRACTICE FOR B. PHARM [ 7TH SEMESTER]
250 ## - EDITION STATEMENT
Edition statement 1ST ED, 2024
260 ## - PUBLICATION, DISTRIBUTION, ETC. (IMPRINT)
Place of publication NEW DELHI
Name of publisher INNOVATIVE PUBLICATION PVT. LTD
Year of publication 2024
300 ## - PHYSICAL DESCRIPTION
Number of Pages 171;P
650 ## - SUBJECT ADDED ENTRY--TOPICAL TERM
Topical Term PHARMACY
General subdivision B.PHARMA
942 ## - ADDED ENTRY ELEMENTS (KOHA)
Koha item type Books
Holdings
Lost status Damaged status Collection code Home library Current library Shelving location Date acquired Source of acquisition Cost, normal purchase price Full call number Accession Number Koha item type
    PHARMACY JRU Library JRU Library SHELF-3-E 14/11/2025 PURCHASE 425.00 615.5 29109 Books